000 00622nam a2200217 a 4500
003 BD-DhJNU
005 20250219044131.0
008 250204s2012 ii a b 001 0 eng
020 _a9788131722312
040 _aBD-DhJNU
_bENG
_cBD-DhJNU
_dBD-DhJNU
082 0 0 _a150 SOE
_223
100 1 _aSolso, Robert L.
245 1 0 _aExperimental psychology :
_ba case approach /
_cRobert L. Solso and M. Kimberly Maclin
250 _a7th ed.
260 _aNew Delhi :
_bPearson,
_c2012.
300 _a432 p. :
_bill. ;
_c23 cm.
504 _aIncludes index.
650 0 _aPsychology
700 1 _aMaclin, M. Kimberly
942 _cBK
999 _c1363
_d1363